Publicidad, diseño y empresa

Saved in:
Bibliografiske detaljer
Hovedforfatter: Borrini, Alberto (Author)
Format: Bog
Sprog:spansk
Udgivet: Buenos Aires Infinito 2006
Udgivelse:1a. ed
Fag:
Tags: Tilføj Tag
Ingen Tags, Vær først til at tagge denne postø!

MARC

LEADER 00000nam a2200000 a 4500
001 UCI0823
003 CL-VaPUC
008 070601e20060000AG |||||||||||||||||spa|d
020 |a 9879393430 
082 0 4 |a 659  |b BOR  |2 21 
100 0 |a Borrini, Alberto  |e author  |9 520950 
245 1 0 |a Publicidad, diseño y empresa 
250 |a 1a. ed 
300 |a 196 p 
942 |c BK 
945 |d 20070601 00:00:00  |a jtorresc 
260 |a Buenos Aires  |b Infinito  |c 2006 
650 0 |a Proceso de comunicación   |9 332060 
650 0 |a Arte comercial   |9 345354 
650 7 |a PUBLICIDAD PERIODISTICA  |2 CL-VaPUC  |9 355746 
650 0 |a Comercialización   |9 259326 
650 0 |a Publicidad  |9 314572 
650 0 |a Diseño  |9 260483 
583 |a last modification  |c 20140404 10:39:40  |k Rodrigo Vera 
999 |c 325803  |d 325801 
952 |0 0  |1 0  |4 0  |6 659_000000000000000_BOR_2006  |7 0  |8 A  |9 407146  |a BIBENE  |b BIBENE  |d 2019-11-22  |i 4344286  |o 659 BOR 2006  |p 4344286  |r 2025-01-15  |w 2019-11-22  |y BK  |k ICO